000 00707nam a22002537a 4500
001 BR6000066
003 BR-BrBNA
005 20240628133618.0
008 230509b bl.||||| |||| 00| 0 por d
040 _aBR-BrBNA
_bpor
041 _a(Por)
072 _aC00
_b/G514
090 _aC00
_bBR6000066
110 1 _aAssociação Brasileira de Educação Agrícola Superior
_9278
245 1 _a Ensino e Pesquisa: estratégia para o desenvolvimento /
260 3 _aRio de Janeiro, GB (Brasil):
_c1972.
300 _a52 p.
650 _aExtensao rural
650 _aEducacao
650 _aEnsino superior
909 _a06/2024
_bSARAH
942 _cBK
999 _c11052
_d11052